Statistiques concernant Paroles - Les voisines - Renan Luce

Cliquez ici pour prendre le quiz!

Statistiques générales

  • Ce quiz a été pris 386 fois
  • Le résultat moyen est 147 sur 207

Statistiques - réponses

Paroles% Correct
J'ai
100%
le
100%
les
100%
A
99%
au
99%
aux
99%
toujours
99%
voisines
99%
voisines (x3)
99%
voisines (x6)
99%
préféré
98%
voisins
98%
de
95%
De
95%
en
90%
fenêtre
90%
f'nêtre
90%
ma
90%
Qui
88%
qui
88%
la
87%
La
87%
me
86%
Me
86%
Je
85%
Un
85%
un
85%
face
80%
plexiglas
80%
Sur
80%
sur
80%
sûr
80%
Une
79%
une
79%
ces
75%
des
74%
du
74%
Et
74%
et
74%
dans
73%
Dans
73%
J'caresse
72%
sèche-
71%
suis
68%
c'est
67%
C'est
67%
inventé
66%
linge
66%
mon
66%
Que
66%
bal
65%
leurs
65%
quand
65%
devant
64%
par
64%
tu
64%
Tu
64%
maison
62%
tes
62%
cache-
61%
cache
61%
Dont
61%
J'maudis
61%
retraite
61%
danse
60%
fil
60%
amour
59%
ombres
59%
volets
59%
chinoises
58%
peu
58%
toi
58%
Construite
57%
stores
57%
bien
56%
Inventeurs
56%
maudis
56%
55%
poitrines
55%
Plus
54%
sèchent
54%
Sèchent
54%
centaines
53%
heure
53%
jean
53%
pervenche
53%
vénitiens
53%
balcons
52%
champ
52%
moindre
52%
palissade
52%
ta
52%
vision
52%
coton
51%
d'eau
51%
d'façade
51%
environ,
51%
goutte
51%
mousseline
51%
méninges
50%
raval'ment
50%
rideaux
50%
slips
50%
techniciens
50%
tranches
50%
vitrine
50%
Découpent
49%
dentelles
49%
gaines
49%
lèche-
49%
choisiras
48%
grand
47%
bas
46%
ton
46%
d'immenses
45%
l'enfil'ras
45%
ondulent
45%
noir
44%
vent
44%
Puis
43%
épais
42%
central
40%
mollets
40%
or
40%
quête
40%
décision
39%
Invitée
39%
transe
39%
chauffage
38%
d'une
38%
Interrompt
38%
buée
37%
Concurrence
36%
déloyale
36%
pantomime
36%
dense
33%
glissent
33%
armoires
32%
vident
30%
Déshabillée
29%
séchais
22%

Distribution des résultats

Percentile par nombre de réponses

% des personnes avec chaque résultat

Votre développement - résultats

Vous n’avez pas pris ce quiz